[Event "RUS-chT Men Rapid 2019"]
[Site "Sochi"]
[Date "2019.10.18"]
[Round "5.9"]
[White "Zakhartsov, Vladimir"]
[Black "Ponkratov, Pavel"]
[Result "0-1"]
[WhiteElo "2514"]
[BlackElo "2621"]
[Annotator "TA"]
[PlyCount "68"]
[EventDate "2019.10.18"]
[EventType "swiss"]
[EventCountry "RUS"]
[SourceTitle "playchess.com"]
[Source "ChessBase"]
[SourceQuality "1"]

{[%evp 13,68,35,24,-68,-69,-84,-68,-73,-71,-133,-118,-152,-152,-176,-79,-87,-92,-99,-91,-81,-76,-176,-185,-195,-185,-222,-227,-230,-232,-290,-293,-284,-302,-266,-283,-347,-359,-447,-375,-395,-399,-528,-346,-725,-724,-770,-758,-739,-738,-881,-861,-29990,-29991,-29991,-29992,-29992,-29993]} 1. e4 e5 2. Nf3 Nc6 3. Bb5 a6 4. Bxc6 dxc6 5. O-O Qd6 6. d4 exd4 7. Nxd4 Bd7 8. e5 {C68: Ruy Lopez: Exchange Variation, sidelines} ({Better is} 8. Nb3 $11) (8. Nc3 O-O-O 9. Be3 Nh6 10. h3 f5 11. Qf3 fxe4 12. Nxe4 Qg6 13. Nb3 Nf5 14. Rfe1 Nh4 15. Qg3 Qxe4 16. Bg5 Qxg2+ 17. Qxg2 Nxg2 18. Kxg2 {0-1 (39) Sebag,M (2533)-Ivanchuk,V (2786) Cap d'Agde 2008}) 8... Qg6 $1 $15 9. e6 $146 ({Predecessor:} 9. f4 Nh6 10. Qf3 Nf5 11. Nxf5 Bxf5 12. Be3 O-O-O 13. Nc3 Be7 {1-0 (32) Simonian,H (2452)-Demchenko,A (2495) Alushta 2008}) 9... fxe6 10. Nf3 {And now Ne5! would win.Black is slightly better.} Bd6 11. Qd4 ({White should play} 11. Re1) 11... c5 $17 12. Qe3 Nf6 13. Ne5 Qh5 (13... Qxc2 $19 {and Black stays clearly on top.} 14. Nc3 Bb5) 14. Re1 O-O-O 15. Nc3 Qf5 16. Qg5 Rhf8 17. h3 (17. Qxf5 $17 {was worth a try.} exf5 18. Nc4) 17... Qxc2 $40 {[%mdl 128] White is in trouble.} 18. Nc4 h6 19. Qe3 Nd5 20. Nxd6+ cxd6 21. Qg3 Nxc3 22. bxc3 Rf6 23. f3 Bc6 ({Don't take} 23... Qxc3 24. Be3 $19) 24. Be3 {[#]} Bxf3 $1 {[%mdl 512]} 25. Rf1 (25. gxf3 Rg6) 25... Bc6 {Hoping for ...Rg6.} 26. Rxf6 gxf6 27. Bxh6 Qh7 {White must now prevent ...Rg8.} 28. Qe3 $2 (28. Qg7 Qxg7 29. Bxg7) 28... e5 29. Rf1 {[#]} Rg8 $1 {( -> ...Qc2!)} 30. Rf2 Rg6 31. Bf8 {[#]} Qg8 $1 {[%cal Rg6g2]} 32. Bxd6 Rxg2+ {Black mates.} 33. Kf1 Rg1+ 34. Ke2 Qd5 {Accuracy: White = 31%, Black = 79%.} 0-1

[Event "RUS-chT Men Rapid 2019"]
[Site "Sochi"]
[Date "2019.10.18"]
[Round "5.10"]
[White "Lysyj, Igor"]
[Black "Bryakin, Mikhail"]
[Result "1-0"]
[WhiteElo "2596"]
[BlackElo "2440"]
[Annotator "ChessBase"]
[PlyCount "139"]
[EventDate "2019.10.18"]
[EventType "swiss"]
[EventCountry "RUS"]
[SourceTitle "playchess.com"]
[Source "ChessBase"]
[SourceQuality "1"]
[TimeControl "900+10"]

1. d4 {[%emt 0:00:00]} d5 {[%emt 0:00:00]} 2. c4 {[%emt 0:00:00]} c6 {[%emt 0:00:00]} 3. Nf3 {[%emt 0:00:00]} Nf6 {[%emt 0:00:00]} 4. g3 {[%emt 0:00:00]} Bf5 {[%emt 0:00:00]} 5. Nc3 {[%emt 0:00:00]} e6 {[%emt 0:00:00]} 6. Qb3 {[%emt 0:00:03]} Qb6 {[%emt 0:00:11]} 7. c5 {[%emt 0:00:02]} Qc7 {[%emt 0:00:19]} 8. Bf4 {[%emt 0:00:16]} Qc8 {[%emt 0:00:01]} 9. Nh4 {[%emt 0:00:06]} Be4 {[%emt 0:00:08]} 10. f3 {[%emt 0:00:10]} Bg6 {[%emt 0:00:01]} 11. e4 {[%emt 0:02:24]} Nbd7 {[%emt 0:00:22]} 12. exd5 {[%emt 0:00:16]} Nxd5 {[%emt 0:01:40]} 13. Nxd5 {[%emt 0:00:05]} cxd5 {[%emt 0:00:05]} 14. Bb5 {[%emt 0:01:17]} Be7 {[%emt 0:00:57]} 15. Nxg6 {[%emt 0:00:17]} hxg6 {[%emt 0:00:01]} 16. Rc1 {[%emt 0:00:02]} a6 {[%emt 0:00:23]} 17. c6 {[%emt 0:00:25]} axb5 {[%emt 0:01:20]} 18. cxd7+ {[%emt 0:00:04]} Qxd7 {[%emt 0:00:01]} 19. Rc7 {[%emt 0:00:03]} Qd8 {[%emt 0:00:03]} 20. Qxb5+ Kf8 21. Qxb7 {[%emt 0:01:19]} Rb8 {[%emt 0:00:14]} 22. Qc6 {[%emt 0:00:04]} g5 {[%emt 0:01:33]} 23. Bd2 {[%emt 0:01:30]} g6 {[%emt 0:01:26]} 24. O-O {[%emt 0:00:33]} Kg7 {[%emt 0:00:27]} 25. b3 {[%emt 0:00:16]} Bf6 {[%emt 0:00:26]} 26. Be3 {[%emt 0:00:19]} Qg8 {[%emt 0:01:58]} 27. Rf2 {[%emt 0:01:24]} Re8 {[%emt 0:00:18]} 28. Rc2 {[%emt 0:00:20]} Qh7 {[%emt 0:02:16]} 29. Qb7 {[%emt 0:00:43]} Ref8 {[%emt 0:00:58]} 30. Qa6 {[%emt 0:00:16]} Qh3 {[%emt 0:00:22]} 31. Qf1 {[%emt 0:00:16]} Qh5 {[%emt 0:00:30]} 32. Qe2 {[%emt 0:00:38]} Re8 {[%emt 0:00:15]} 33. R2c6 {[%emt 0:01:01]} Qh3 {[%emt 0:01:33]} 34. Rb7 {[%emt 0:01:40]} e5 {[%emt 0:01:03]} 35. Rxf6 {[%emt 0:00:16]} Kxf6 {[%emt 0:00:14]} 36. dxe5+ {[%emt 0:00:01]} Kg7 {[%emt 0:00:38]} 37. Bxg5 {[%emt 0:01:54]} Kg8 {[%emt 0:00:01]} 38. Re7 {[%emt 0:02:36]} Rxe7 {[%emt 0:00:27]} 39. Bxe7 {[%emt 0:00:01]} Kh7 {[%emt 0:00:01]} 40. Bc5 {[%emt 0:00:08]} Rc8 {[%emt 0:00:03]} 41. b4 {[%emt 0:00:02]} Qf5 {[%emt 0:00:06]} 42. a4 {[%emt 0:00:04]} d4 {[%emt 0:00:04]} 43. Kf2 {[%emt 0:00:07]} Qb1 {[%emt 0:00:10]} 44. a5 {[%emt 0:00:10]} d3 {[%emt 0:00:19]} 45. Qd2 {[%emt 0:00:02]} Rd8 {[%emt 0:00:01]} 46. a6 {[%emt 0:00:15]} Qh1 {[%emt 0:00:03]} 47. Ke3 {[%emt 0:00:06]} Qg1+ {[%emt 0:00:20]} 48. Ke4 {[%emt 0:00:06]} Qf1 {[%emt 0:01:05]} 49. a7 {[%emt 0:00:09]} Qh3 {[%emt 0:00:22]} 50. Ke3 {[%emt 0:00:07]} Qf5 {[%emt 0:00:06]} 51. f4 {[%emt 0:00:10]} Qd7 {[%emt 0:00:12]} 52. Kf2 {[%emt 0:00:36]} Qd5 {[%emt 0:00:10]} 53. Ke3 {[%emt 0:00:32]} Qh1 {[%emt 0:00:02]} 54. Bd6 {[%emt 0:00:12]} Qg1+ {[%emt 0:00:09]} 55. Qf2 {[%emt 0:00:20]} Qb1 {[%emt 0:00:30]} 56. Qg2 {[%emt 0:00:20]} Qa1 {[%emt 0:00:14]} 57. Qb7 {[%emt 0:00:02]} Qe1+ 58. Kxd3 {[%emt 0:00:03]} Qd1+ {[%emt 0:00:12]} 59. Ke3 {[%emt 0:00:07]} Qb3+ {[%emt 0:00:11]} 60. Kd4 {[%emt 0:00:04]} Qa2 {[%emt 0:00:06]} 61. Qc7 {[%emt 0:00:17]} Ra8 {[%emt 0:00:04]} 62. Bc5 {[%emt 0:00:22]} Qd2+ {[%emt 0:00:01]} 63. Kc4 {[%emt 0:00:04]} Kh6 {[%emt 0:00:25]} 64. Kb5 {[%emt 0:00:07]} Qd5 {[%emt 0:00:08]} 65. Qc6 {[%emt 0:00:08]} Qd8 {[%emt 0:00:18]} 66. Qd6 {[%emt 0:00:15]} Qe8+ {[%emt 0:00:07]} 67. Kb6 {[%emt 0:00:03]} Rd8 {[%emt 0:00:17]} 68. Qf8+ {[%emt 0:00:08]} Qxf8 {[%emt 0:00:10]} 69. Bxf8+ {[%emt 0:00:01]} Rxf8 {[%emt 0:00:03]} 70. Kb7 {[%emt 0:00:05]} 1-0

[Event "RUS-chT Men Rapid 2019"]
[Site "Sochi"]
[Date "2019.10.18"]
[Round "5.11"]
[White "Golubov, Saveliy"]
[Black "Gutenev, Alexander"]
[Result "1/2-1/2"]
[WhiteElo "2469"]
[BlackElo "2469"]
[Annotator "ChessBase"]
[PlyCount "72"]
[EventDate "2019.10.18"]
[EventType "swiss"]
[EventCountry "RUS"]
[SourceTitle "playchess.com"]
[Source "ChessBase"]
[SourceQuality "1"]
[TimeControl "900+10"]

1. d4 {[%emt 0:00:00]} Nf6 {[%emt 0:00:00]} 2. Nf3 {[%emt 0:00:00]} g6 {[%emt 0:00:00]} 3. Bg5 {[%emt 0:00:00]} Bg7 {[%emt 0:00:06]} 4. Nbd2 {[%emt 0:00:03]} d5 {[%emt 0:00:07]} 5. c3 {[%emt 0:00:06]} O-O {[%emt 0:00:10]} 6. e3 {[%emt 0:00:09]} b6 {[%emt 0:02:54]} 7. Bd3 {[%emt 0:01:17]} Bb7 {[%emt 0:00:08]} 8. O-O {[%emt 0:00:51]} Nbd7 {[%emt 0:00:03]} 9. h3 {[%emt 0:00:48]} Ne4 {[%emt 0:01:11]} 10. Bf4 {[%emt 0:00:23]} Re8 {[%emt 0:01:16]} 11. Bxe4 {[%emt 0:05:28]} dxe4 {[%emt 0:00:06]} 12. Ng5 {[%emt 0:00:04]} e5 {[%emt 0:04:12]} 13. dxe5 {[%emt 0:00:12]} Nxe5 {[%emt 0:01:21]} 14. Ngxe4 {[%emt 0:02:08]} Nd3 {[%emt 0:00:33]} 15. f3 {[%emt 0:00:21]} Nxf4 {[%emt 0:02:14]} 16. exf4 {[%emt 0:00:04]} f5 {[%emt 0:00:15]} 17. Nf2 {[%emt 0:01:22]} Qd6 {[%emt 0:00:19]} 18. Re1 {[%emt 0:00:33]} Qxf4 {[%emt 0:00:42]} 19. Rxe8+ {[%emt 0:00:17]} Rxe8 {[%emt 0:00:01]} 20. Nf1 {[%emt 0:00:03]} Qg5 {[%emt 0:00:49]} 21. Qa4 {[%emt 0:00:34]} Re7 {[%emt 0:00:30]} 22. h4 {[%emt 0:00:08]} Qf6 {[%emt 0:00:25]} 23. Qxa7 {[%emt 0:00:29]} Bc6 {[%emt 0:00:01]} 24. Qb8+ {[%emt 0:01:16]} Kf7 {[%emt 0:00:10]} 25. h5 {[%emt 0:00:57]} gxh5 {[%emt 0:00:05]} 26. Rd1 {[%emt 0:01:10]} Kg6 {[%emt 0:01:07]} 27. Qd8 {[%emt 0:00:28]} Bb5 {[%emt 0:00:15]} 28. Nh3 {[%emt 0:00:10]} Bh6 {[%emt 0:00:05]} 29. Qd5 {[%emt 0:00:13]} Qe5 {[%emt 0:00:25]} 30. Qd8 {[%emt 0:00:12]} Bxf1 {[%emt 0:00:17]} 31. Rxf1 {[%emt 0:00:04]} Be3+ {[%emt 0:00:06]} 32. Kh1 {[%emt 0:00:01]} Bh6 {[%emt 0:00:12]} 33. Qg8+ {[%emt 0:00:17]} Bg7 {[%emt 0:00:04]} 34. Qc4 {[%emt 0:00:04]} Qd6 {[%emt 0:00:19]} 35. Qh4 {[%emt 0:00:01]} Bh6 {[%emt 0:00:05]} 36. Qc4 {[%emt 0:00:06]} Qe6 {[%emt 0:00:04]} 1/2-1/2

[Event "RUS-chT Men Rapid 2019"]
[Site "Sochi"]
[Date "2019.10.18"]
[Round "5.12"]
[White "Remizov, Yaroslav"]
[Black "Apryshko, Gleb"]
[Result "0-1"]
[WhiteElo "2394"]
[BlackElo "2382"]
[Annotator "NA"]
[PlyCount "82"]
[EventDate "2019.10.18"]
[EventType "swiss"]
[EventCountry "RUS"]
[SourceTitle "playchess.com"]
[Source "ChessBase"]
[SourceQuality "1"]
[TimeControl "900+10"]

1. e4 {[%emt 0:00:00]} g6 {[%emt 0:00:00]} 2. d4 {[%emt 0:00:02]} Bg7 {[%emt 0:00:00]} 3. Nf3 {[%emt 0:00:07]} d6 {[%emt 0:00:00]} 4. Nc3 {[%emt 0:00:13]} a6 {[%emt 0:00:18]} 5. Be3 {[%emt 0:00:08]} Nd7 {[%emt 0:00:04]} 6. Bd3 {[%emt 0:00:16]} e6 {[%emt 0:00:13]} 7. Qd2 {[%emt 0:01:29]} h6 {[%emt 0:00:01]} 8. O-O {[%emt 0:01:07]} Ne7 {[%emt 0:00:14]} 9. Ne2 {[%emt 0:00:35]} b6 {[%emt 0:00:17]} 10. Ng3 {[%emt 0:01:28]} Bb7 {[%emt 0:00:02]} 11. h3 {[%emt 0:00:20]} c5 {[%emt 0:00:11]} 12. c3 {[%emt 0:00:19]} Qc7 {[%emt 0:00:02]} 13. Nh2 {[%emt 0:01:20]} f5 {[%emt 0:06:15]} 14. Rae1 {[%emt 0:03:39]} O-O-O {[%emt 0:01:30]} 15. Qe2 {[%emt 0:01:42]} b5 {[%emt 0:00:44]} 16. a4 {[%emt 0:02:06]} c4 {[%emt 0:00:35]} 17. Bc2 {[%emt 0:00:03]} Nf6 {[%emt 0:00:55]} 18. axb5 {[%emt 0:00:38]} axb5 {[%emt 0:00:01]} 19. d5 {[%emt 0:01:39]} e5 {[%emt 0:02:49]} 20. exf5 {[%emt 0:00:28]} g5 {[%emt 0:00:09]} 21. Ra1 {[%emt 0:00:24]} Nexd5 {[%emt 0:00:13]} 22. Ra7 {[%emt 0:00:14]} Qc6 {[%emt 0:00:20]} 23. Ne4 {[%emt 0:00:17]} Nxe4 {[%emt 0:00:04]} 24. Bxe4 {[%emt 0:00:13]} Nxc3 {[%emt 0:00:05]} 25. Bxc6 {[%emt 0:00:10]} Nxe2+ {[%emt 0:00:02]} 26. Kh1 {[%emt 0:00:00]} Bxc6 {[%emt 0:00:04]} 27. Rxg7 {[%emt 0:00:02]} Rhf8 {[%emt 0:01:36]} 28. Ng4 {[%emt 0:00:20]} Rxf5 {[%emt 0:00:44]} 29. Re1 {[%emt 0:00:17]} Nf4 {[%emt 0:00:10]} 30. Bxf4 {[%emt 0:00:08]} Rxf4 {[%emt 0:00:09]} 31. Kg1 {[%emt 0:00:12]} Rd4 {[%emt 0:01:23]} 32. Nxh6 {[%emt 0:00:10]} Rd2 {[%emt 0:00:02]} 33. Nf5 {[%emt 0:00:11]} Rxb2 {[%emt 0:00:16]} 34. Ra1 {[%emt 0:00:08]} Be4 {[%emt 0:00:27]} 35. Ra6 {[%emt 0:00:10]} Rd2 {[%emt 0:00:18]} 36. Ne7+ {[%emt 0:00:11]} Kb7 {[%emt 0:00:06]} 37. Ra1 {[%emt 0:00:11]} Rd7 {[%emt 0:00:13]} 38. Ra5 {[%emt 0:00:09]} Rb2 {[%emt 0:00:10]} 39. Ra3 {[%emt 0:00:08]} Rb3 {[%emt 0:00:11]} 40. Ra1 {[%emt 0:00:11]} c3 {[%emt 0:00:02]} 41. f3 {[%emt 0:00:01]} c2 {[%emt 0:00:02]} 0-1

[Event "RUS-chT Men Rapid 2019"]
[Site "Sochi"]
[Date "2019.10.18"]
[Round "5.13"]
[White "Shcherbin, Matvei"]
[Black "Yatzenko, Anton"]
[Result "0-1"]
[WhiteElo "2366"]
[BlackElo "2383"]
[Annotator "NA"]
[PlyCount "102"]
[EventDate "2019.10.18"]
[EventType "swiss"]
[EventCountry "RUS"]
[SourceTitle "playchess.com"]
[Source "ChessBase"]
[SourceQuality "1"]
[TimeControl "900+10"]

1. e4 {[%emt 0:00:00]} e5 {[%emt 0:00:00]} 2. Nf3 {[%emt 0:00:00]} Nc6 {[%emt 0:00:00]} 3. d4 {[%emt 0:00:00]} exd4 {[%emt 0:00:00]} 4. Nxd4 {[%emt 0:00:00]} Bc5 {[%emt 0:00:00]} 5. Nb3 {[%emt 0:00:00]} Bb6 {[%emt 0:00:00]} 6. Nc3 {[%emt 0:00:02]} Nf6 {[%emt 0:00:00]} 7. Qe2 {[%emt 0:00:05]} d6 {[%emt 0:00:02]} 8. Be3 {[%emt 0:00:02]} Be6 {[%emt 0:00:09]} 9. O-O-O {[%emt 0:00:12]} Qe7 {[%emt 0:00:31]} 10. Nd5 {[%emt 0:01:38]} Bxd5 {[%emt 0:00:01]} 11. exd5 {[%emt 0:00:01]} Ne5 {[%emt 0:00:14]} 12. Nd4 {[%emt 0:02:53]} O-O-O {[%emt 0:01:10]} 13. Nf5 {[%emt 0:00:27]} Qf8 {[%emt 0:01:12]} 14. Bxb6 {[%emt 0:00:54]} axb6 {[%emt 0:00:04]} 15. f4 {[%emt 0:00:03]} Ned7 {[%emt 0:00:11]} 16. Qc4 {[%emt 0:00:31]} Re8 {[%emt 0:01:25]} 17. Bd3 {[%emt 0:01:00]} Nc5 {[%emt 0:02:05]} 18. b4 {[%emt 0:00:05]} Nxd3+ {[%emt 0:00:42]} 19. Rxd3 {[%emt 0:00:02]} Re4 {[%emt 0:00:22]} 20. Rd4 {[%emt 0:00:43]} Rxd4 {[%emt 0:00:31]} 21. Qxd4 {[%emt 0:00:01]} Qd8 {[%emt 0:00:42]} 22. Re1 {[%emt 0:01:14]} Re8 {[%emt 0:00:01]} 23. Rxe8 {[%emt 0:00:16]} Qxe8 {[%emt 0:00:01]} 24. Nxg7 {[%emt 0:00:51]} Qe1+ {[%emt 0:01:19]} 25. Kb2 {[%emt 0:00:01]} Ne4 {[%emt 0:00:50]} 26. Nf5 {[%emt 0:04:22]} b5 {[%emt 0:00:00]} 27. Qe3 {[%emt 0:02:46]} Qxb4+ {[%emt 0:00:03]} 28. Kc1 {[%emt 0:00:01]} Kb8 {[%emt 0:00:59]} 29. a3 Qc4 {[%emt 0:00:39]} 30. Qd3 {[%emt 0:00:45]} Qxd3 {[%emt 0:00:53]} 31. cxd3 {[%emt 0:00:01]} Nc3 {[%emt 0:00:01]} 32. Ne7 {[%emt 0:01:08]} Ne2+ {[%emt 0:00:02]} 33. Kd2 {[%emt 0:00:00]} Nxf4 {[%emt 0:00:01]} 34. g3 {[%emt 0:00:01]} Ng6 {[%emt 0:00:21]} 35. Ng8 {[%emt 0:00:00]} Kc8 {[%emt 0:00:23]} 36. Nf6 {[%emt 0:00:02]} Nf8 {[%emt 0:00:32]} 37. Ke3 {[%emt 0:00:04]} Kd8 {[%emt 0:00:02]} 38. g4 {[%emt 0:00:22]} c5 {[%emt 0:00:15]} 39. dxc6 {[%emt 0:00:15]} bxc6 {[%emt 0:00:01]} 40. h4 {[%emt 0:00:15]} Ke7 {[%emt 0:00:09]} 41. g5 {[%emt 0:00:02]} Ke6 {[%emt 0:00:11]} 42. Ng4 {[%emt 0:00:24]} c5 {[%emt 0:00:40]} 43. Kf4 {[%emt 0:00:26]} Nd7 {[%emt 0:00:36]} 44. h5 {[%emt 0:00:07]} Nb6 {[%emt 0:00:39]} 45. Ke4 {[%emt 0:00:12]} d5+ {[%emt 0:00:54]} 46. Kf4 {[%emt 0:00:03]} b4 {[%emt 0:00:01]} 47. axb4 {[%emt 0:00:06]} cxb4 {[%emt 0:00:01]} 48. Ne3 {[%emt 0:00:20]} b3 {[%emt 0:00:01]} 49. Nd1 {[%emt 0:00:00]} Na4 {[%emt 0:00:01]} 50. h6 {[%emt 0:00:26]} b2 {[%emt 0:00:03]} 51. Nxb2 {[%emt 0:00:02]} Nxb2 {[%emt 0:00:01] Ke5+ Kxe5} 0-1

[Event "RUS-chT Men Rapid 2019"]
[Site "Sochi"]
[Date "2019.10.18"]
[Round "5.14"]
[White "Goltsev, Dmitry"]
[Black "Eraschenkov, Denis"]
[Result "1/2-1/2"]
[WhiteElo "2309"]
[BlackElo "2382"]
[Annotator "NA"]
[PlyCount "131"]
[EventDate "2019.10.18"]
[EventType "swiss"]
[EventCountry "RUS"]
[SourceTitle "playchess.com"]
[Source "ChessBase"]
[SourceQuality "1"]
[TimeControl "900+10"]

1. e4 {[%emt 0:00:00]} e5 {[%emt 0:00:00]} 2. Nf3 {[%emt 0:00:00]} Nf6 {[%emt 0:00:00]} 3. Nxe5 {[%emt 0:00:00]} d6 {[%emt 0:00:00]} 4. Nc4 {[%emt 0:00:00]} Nxe4 {[%emt 0:00:00]} 5. Nc3 {[%emt 0:00:00]} Nf6 {[%emt 0:00:37]} 6. d4 {[%emt 0:00:00]} Be7 {[%emt 0:00:54]} 7. Be2 {[%emt 0:00:01]} O-O {[%emt 0:00:04]} 8. O-O {[%emt 0:00:03]} Nbd7 {[%emt 0:00:30]} 9. Ne3 {[%emt 0:00:11]} Re8 {[%emt 0:00:06]} 10. Qd3 {[%emt 0:00:09]} g6 {[%emt 0:01:19]} 11. f4 {[%emt 0:01:08]} Bf8 {[%emt 0:00:34]} 12. Bf3 {[%emt 0:00:11]} Bg7 {[%emt 0:00:18]} 13. Bd2 {[%emt 0:00:23]} Nf8 {[%emt 0:03:40]} 14. Rae1 {[%emt 0:00:37]} c5 {[%emt 0:00:55]} 15. dxc5 {[%emt 0:00:45]} dxc5 {[%emt 0:00:05]} 16. Qxd8 {[%emt 0:00:09]} Rxd8 {[%emt 0:00:01]} 17. Bc1 {[%emt 0:00:07]} Ne6 {[%emt 0:00:30]} 18. Ned5 {[%emt 0:00:59]} Nxd5 {[%emt 0:00:22]} 19. Nxd5 {[%emt 0:00:03]} Nd4 {[%emt 0:01:43]} 20. Be4 {[%emt 0:02:54]} Kf8 {[%emt 0:01:21]} 21. c3 {[%emt 0:02:07]} Bf5 {[%emt 0:01:38]} 22. Bxf5 {[%emt 0:00:57]} Nxf5 {[%emt 0:00:04]} 23. Rd1 {[%emt 0:00:03]} Rd6 {[%emt 0:01:33]} 24. Ne3 {[%emt 0:01:24]} Rad8 {[%emt 0:00:10]} 25. Rxd6 {[%emt 0:00:03]} Nxd6 {[%emt 0:00:09]} 26. Rd1 {[%emt 0:00:07]} f5 {[%emt 0:00:43]} 27. g4 {[%emt 0:01:53]} fxg4 {[%emt 0:00:14]} 28. Nxg4 {[%emt 0:00:03]} Nf7 {[%emt 0:00:12]} 29. Rxd8+ {[%emt 0:00:32]} Nxd8 {[%emt 0:00:01]} 30. Kf2 {[%emt 0:00:01]} Kf7 {[%emt 0:00:05]} 31. Kf3 {[%emt 0:00:11]} Ke6 {[%emt 0:00:05]} 32. Nf2 {[%emt 0:00:10]} Nf7 {[%emt 0:01:00]} 33. Ne4 {[%emt 0:00:06]} b6 {[%emt 0:00:04]} 34. Be3 {[%emt 0:00:04]} Bf8 {[%emt 0:00:17]} 35. b3 {[%emt 0:00:21]} Be7 {[%emt 0:00:04]} 36. c4 {[%emt 0:00:02]} h5 {[%emt 0:00:26]} 37. Nc3 {[%emt 0:00:08]} Nd8 {[%emt 0:00:18]} 38. Ke4 {[%emt 0:00:14]} Bd6 {[%emt 0:00:36]} 39. Nd5 {[%emt 0:00:35]} Nf7 {[%emt 0:00:08]} 40. Bd2 {[%emt 0:00:17]} Bb8 {[%emt 0:00:16]} 41. a4 {[%emt 0:00:15]} Nd6+ {[%emt 0:00:07]} 42. Kd3 {[%emt 0:00:19]} Nf5 {[%emt 0:00:24]} 43. a5 {[%emt 0:00:05]} Nd4 {[%emt 0:00:18]} 44. b4 {[%emt 0:00:32]} Nf3 {[%emt 0:00:02]} 45. Be3 {[%emt 0:01:15]} cxb4 {[%emt 0:00:15]} 46. a6 {[%emt 0:00:16]} Nxh2 {[%emt 0:00:07]} 47. Nxb4 {[%emt 0:00:01]} Kd7 {[%emt 0:00:06]} 48. Ke4 {[%emt 0:00:45]} Ng4 {[%emt 0:00:02]} 49. Bg1 {[%emt 0:00:06]} Nf6+ {[%emt 0:00:02]} 50. Kf3 {[%emt 0:00:05]} Bd6 {[%emt 0:00:14]} 51. Nd3 {[%emt 0:00:23]} Kc6 {[%emt 0:00:11]} 52. Ne5+ {[%emt 0:00:29]} Bxe5 {[%emt 0:00:03]} 53. fxe5 {[%emt 0:00:01]} Ne8 {[%emt 0:00:08]} 54. Kf4 {[%emt 0:00:06]} Nc7 {[%emt 0:00:21]} 55. Kg5 {[%emt 0:00:02]} Nxa6 {[%emt 0:00:17]} 56. Bf2 {[%emt 0:00:09]} Nc7 {[%emt 0:00:22]} 57. Kxg6 {[%emt 0:00:02]} a5 {[%emt 0:00:08]} 58. Kxh5 {[%emt 0:00:03]} a4 {[%emt 0:00:07]} 59. Kg6 {[%emt 0:00:04]} Ne6 {[%emt 0:00:11]} 60. Kf6 {[%emt 0:00:09]} Nc7 {[%emt 0:00:17]} 61. e6 {[%emt 0:00:13]} a3 {[%emt 0:00:03]} 62. Bd4 {[%emt 0:00:05]} a2 {[%emt 0:00:07]} 63. Ke7 {[%emt 0:00:11]} b5 {[%emt 0:00:21]} 64. cxb5+ {[%emt 0:00:04]} Kxb5 {[%emt 0:00:07]} 65. Kd7 {[%emt 0:00:03]} Nxe6 {[%emt 0:00:03]} 66. Kxe6 {[%emt 0:00:02]} 1/2-1/2

[Event "RUS-chT Men Rapid 2019"]
[Site "Sochi"]
[Date "2019.10.18"]
[Round "5.15"]
[White "Keosidi, Konstantin"]
[Black "Kulik, Artur"]
[Result "1-0"]
[WhiteElo "2400"]
[BlackElo "2014"]
[Annotator "NA"]
[PlyCount "129"]
[EventDate "2019.10.18"]
[EventType "swiss"]
[EventCountry "RUS"]
[SourceTitle "playchess.com"]
[Source "ChessBase"]
[SourceQuality "1"]
[TimeControl "900+10"]

1. e4 {[%emt 0:00:00]} c5 {[%emt 0:00:00]} 2. Nc3 {[%emt 0:00:00]} Nc6 {[%emt 0:00:00]} 3. Bb5 {[%emt 0:00:00]} Nd4 {[%emt 0:00:05]} 4. Bc4 {[%emt 0:00:00]} g6 {[%emt 0:00:05]} 5. Nf3 {[%emt 0:00:00]} Bg7 {[%emt 0:00:16]} 6. d3 {[%emt 0:00:09]} Nf6 {[%emt 0:02:24]} 7. O-O {[%emt 0:03:43]} O-O {[%emt 0:01:22]} 8. Nxd4 {[%emt 0:00:13]} cxd4 {[%emt 0:00:02]} 9. Nd5 {[%emt 0:00:36]} Nxd5 {[%emt 0:03:06]} 10. Bxd5 {[%emt 0:00:02]} e6 {[%emt 0:00:16]} 11. Bb3 {[%emt 0:00:02]} d5 {[%emt 0:00:27]} 12. exd5 {[%emt 0:00:09]} exd5 {[%emt 0:00:01]} 13. Qf3 {[%emt 0:00:26]} Be6 {[%emt 0:00:03]} 14. Bf4 {[%emt 0:00:13]} Qd7 {[%emt 0:00:56]} 15. Rfe1 {[%emt 0:01:09]} Rae8 {[%emt 0:02:27]} 16. Qg3 {[%emt 0:01:24]} f5 {[%emt 0:00:39]} 17. Be5 {[%emt 0:02:18]} Bxe5 {[%emt 0:00:35]} 18. Qxe5 {[%emt 0:00:16]} Qg7 {[%emt 0:00:15]} 19. Qd6 {[%emt 0:02:58]} Bf7 {[%emt 0:00:46]} 20. Qd7 {[%emt 0:00:43]} Be6 {[%emt 0:00:29]} 21. Qd6 {[%emt 0:00:05]} Bf7 {[%emt 0:00:05]} 22. h3 {[%emt 0:00:14]} g5 {[%emt 0:02:31]} 23. Bxd5 {[%emt 0:00:12]} Rd8 {[%emt 0:00:26]} 24. Bxf7+ {[%emt 0:00:04]} Qxf7 {[%emt 0:00:01]} 25. Qe7 {[%emt 0:00:35]} Qxe7 {[%emt 0:00:30]} 26. Rxe7 {[%emt 0:00:02]} Rf7 {[%emt 0:00:01]} 27. Rae1 {[%emt 0:00:08]} Kf8 {[%emt 0:00:35]} 28. Rxf7+ {[%emt 0:00:51]} Kxf7 {[%emt 0:00:01]} 29. Re5 {[%emt 0:00:01]} Kf6 {[%emt 0:00:01]} 30. Rc5 {[%emt 0:00:01]} Rd7 {[%emt 0:00:20]} 31. Kf1 {[%emt 0:00:37]} Re7 {[%emt 0:00:23]} 32. a4 {[%emt 0:00:39]} h5 {[%emt 0:00:20]} 33. a5 {[%emt 0:00:14]} h4 {[%emt 0:00:27]} 34. b4 {[%emt 0:00:55]} Re6 {[%emt 0:00:27]} 35. Rc7 {[%emt 0:00:13]} Re7 {[%emt 0:00:03]} 36. Rxe7 {[%emt 0:00:52]} Kxe7 {[%emt 0:00:01]} 37. Ke2 {[%emt 0:00:08]} Kd6 {[%emt 0:00:05]} 38. Kd2 {[%emt 0:00:08]} g4 {[%emt 0:00:15]} 39. f3 {[%emt 0:00:51]} gxf3 {[%emt 0:00:02]} 40. gxf3 {[%emt 0:00:00]} Ke5 {[%emt 0:00:01]} 41. c3 {[%emt 0:00:17]} dxc3+ 42. Kxc3 {[%emt 0:00:01]} Kd5 {[%emt 0:00:54]} 43. d4 {[%emt 0:00:06]} b5 {[%emt 0:00:14]} 44. axb6 {[%emt 0:00:10]} axb6 {[%emt 0:00:01]} 45. b5 {[%emt 0:00:10]} Ke6 {[%emt 0:00:12]} 46. Kc4 {[%emt 0:00:12]} f4 {[%emt 0:00:07]} 47. Kc3 {[%emt 0:00:16]} Kd6 {[%emt 0:00:19]} 48. Kd2 {[%emt 0:00:05]} Ke6 {[%emt 0:00:02]} 49. Kd3 {[%emt 0:00:02]} Kd5 {[%emt 0:00:01]} 50. Kc3 {[%emt 0:00:01]} Ke6 {[%emt 0:00:13]} 51. Kc4 {[%emt 0:00:02]} Kd6 {[%emt 0:00:02]} 52. d5 {[%emt 0:00:06]} Ke5 {[%emt 0:00:01]} 53. d6 {[%emt 0:00:01]} Kxd6 {[%emt 0:00:01]} 54. Kd4 {[%emt 0:00:01]} Ke6 {[%emt 0:00:14]} 55. Ke4 Kd6 56. Kxf4 {[%emt 0:00:24]} Kc5 {[%emt 0:00:01]} 57. Ke5 {[%emt 0:00:19]} Kxb5 {[%emt 0:00:02]} 58. f4 {[%emt 0:00:00]} Kc4 {[%emt 0:00:01]} 59. f5 {[%emt 0:00:03]} b5 {[%emt 0:00:00]} 60. f6 {[%emt 0:00:01]} b4 {[%emt 0:00:01]} 61. f7 {[%emt 0:00:01]} b3 {[%emt 0:00:00]} 62. f8=Q {[%emt 0:00:08]} b2 {[%emt 0:00:05]} 63. Qb8 {[%emt 0:00:05]} Kc3 {[%emt 0:00:03]} 64. Kf4 {[%emt 0:00:03]} Kc2 {[%emt 0:00:03]} 65. Ke4 1-0